<?xml version="1.0" encoding="UTF-8"?>
<record
    xmlns:xsi="http://www.w3.org/2001/XMLSchema-instance"
    xsi:schemaLocation="http://www.loc.gov/MARC21/slim http://www.loc.gov/standards/marcxml/schema/MARC21slim.xsd"
    xmlns="http://www.loc.gov/MARC21/slim">

  <leader>00358nam a22001457a 4500</leader>
  <controlfield tag="005">20250916092658.0</controlfield>
  <controlfield tag="008">250916b        |||||||| |||| 00| 0 eng d</controlfield>
  <datafield tag="020" ind1=" " ind2=" ">
    <subfield code="a">9798887153452</subfield>
  </datafield>
  <datafield tag="050" ind1=" " ind2=" ">
    <subfield code="a">TA 330.B73 2024</subfield>
  </datafield>
  <datafield tag="100" ind1=" " ind2=" ">
    <subfield code="a">BRADFORD GARY P.</subfield>
  </datafield>
  <datafield tag="245" ind1=" " ind2=" ">
    <subfield code="a">ENGINEERING MATHEMATICS</subfield>
  </datafield>
  <datafield tag="260" ind1=" " ind2=" ">
    <subfield code="a">NEWYORK</subfield>
    <subfield code="b">ORYSON</subfield>
    <subfield code="c">2024</subfield>
  </datafield>
  <datafield tag="300" ind1=" " ind2=" ">
    <subfield code="a">X,284</subfield>
  </datafield>
  <datafield tag="942" ind1=" " ind2=" ">
    <subfield code="2">lcc</subfield>
    <subfield code="c">BK</subfield>
  </datafield>
  <datafield tag="999" ind1=" " ind2=" ">
    <subfield code="c">216100</subfield>
    <subfield code="d">216100</subfield>
  </datafield>
  <datafield tag="952" ind1=" " ind2=" ">
    <subfield code="0">0</subfield>
    <subfield code="1">0</subfield>
    <subfield code="2">lcc</subfield>
    <subfield code="4">0</subfield>
    <subfield code="6">TA0330 B73  02024</subfield>
    <subfield code="7">0</subfield>
    <subfield code="8">SCT</subfield>
    <subfield code="9">373070</subfield>
    <subfield code="a">KSUL</subfield>
    <subfield code="b">KSUL</subfield>
    <subfield code="c">DISPLAY</subfield>
    <subfield code="d">2025-09-16</subfield>
    <subfield code="i">109573</subfield>
    <subfield code="l">0</subfield>
    <subfield code="o">TA 330.B73 2024</subfield>
    <subfield code="p">000000020478</subfield>
    <subfield code="r">2025-09-16 09:28:05</subfield>
    <subfield code="t">C.1</subfield>
    <subfield code="w">2025-09-16</subfield>
    <subfield code="y">BK</subfield>
  </datafield>
  <datafield tag="952" ind1=" " ind2=" ">
    <subfield code="0">0</subfield>
    <subfield code="1">0</subfield>
    <subfield code="2">lcc</subfield>
    <subfield code="4">0</subfield>
    <subfield code="6">TA0330 B73  02024</subfield>
    <subfield code="7">0</subfield>
    <subfield code="8">SCT</subfield>
    <subfield code="9">373071</subfield>
    <subfield code="a">KSUL</subfield>
    <subfield code="b">KSUL</subfield>
    <subfield code="c">DISPLAY</subfield>
    <subfield code="d">2025-09-16</subfield>
    <subfield code="i">109574</subfield>
    <subfield code="l">0</subfield>
    <subfield code="o">TA 330.B73 2024</subfield>
    <subfield code="p">000000020477</subfield>
    <subfield code="r">2025-09-16 09:28:00</subfield>
    <subfield code="t">C.2</subfield>
    <subfield code="w">2025-09-16</subfield>
    <subfield code="y">BK</subfield>
  </datafield>
  <datafield tag="952" ind1=" " ind2=" ">
    <subfield code="0">0</subfield>
    <subfield code="1">0</subfield>
    <subfield code="2">lcc</subfield>
    <subfield code="4">0</subfield>
    <subfield code="6">TA0330 B73  02024</subfield>
    <subfield code="7">0</subfield>
    <subfield code="8">SCT</subfield>
    <subfield code="9">373072</subfield>
    <subfield code="a">KSUL</subfield>
    <subfield code="b">KSUL</subfield>
    <subfield code="c">DISPLAY</subfield>
    <subfield code="d">2025-09-16</subfield>
    <subfield code="i">109575</subfield>
    <subfield code="l">0</subfield>
    <subfield code="o">TA 330.B73 2024</subfield>
    <subfield code="p">000000020476</subfield>
    <subfield code="r">2025-09-16 09:28:00</subfield>
    <subfield code="t">C.3</subfield>
    <subfield code="w">2025-09-16</subfield>
    <subfield code="y">BK</subfield>
  </datafield>
  <datafield tag="952" ind1=" " ind2=" ">
    <subfield code="0">0</subfield>
    <subfield code="1">0</subfield>
    <subfield code="2">lcc</subfield>
    <subfield code="4">0</subfield>
    <subfield code="6">TA0330 B73  02024</subfield>
    <subfield code="7">0</subfield>
    <subfield code="8">SCT</subfield>
    <subfield code="9">373073</subfield>
    <subfield code="a">KSUL</subfield>
    <subfield code="b">KSUL</subfield>
    <subfield code="c">DISPLAY</subfield>
    <subfield code="d">2025-09-16</subfield>
    <subfield code="i">109576</subfield>
    <subfield code="l">0</subfield>
    <subfield code="o">TA 330.B73 2024</subfield>
    <subfield code="p">000000020475</subfield>
    <subfield code="r">2025-09-16 09:28:00</subfield>
    <subfield code="t">C.4</subfield>
    <subfield code="w">2025-09-16</subfield>
    <subfield code="y">BK</subfield>
  </datafield>
</record>
